[Event "Ceske sachove Vanoce"]
[Site "?"]
[Date "2015.12.26"]
[Round "1"]
[White "Kabelka, Ondrej"]
[Black "Cerveny, Martin"]
[Result "1/2-1/2"]
[WhiteElo "1875"]
[BlackElo "2417"]
[PlyCount "141"]
[EventDate "2015.12.29"]
[SourceDate "2015.12.29"]

1. d4 Nf6 2. c4 c5 3. d5 e6 4. Nc3 exd5 5. cxd5 d6 6. e4 g6 7. f4 Bg7 8. Bb5+
Nfd7 9. a4 O-O 10. Nf3 a6 11. Bc4 Nb6 12. Be2 Bg4 13. Nd2 Bxe2 14. Qxe2 Bd4 15.
a5 N6d7 16. Nc4 Nf6 17. e5 dxe5 18. fxe5 Re8 19. Bg5 Nbd7 20. Ne4 Nxe5 21.
Nxf6+ Kh8 22. Nxe8 Qxg5 23. Ned6 Kg7 24. Rf1 Nxc4 25. Nxc4 Kf8 26. Nd6 f5 27.
Qe6 Kg7 28. Qe2 Rd8 29. Ne8+ Kg8 30. Nc7 Be3 31. Ne6 Qh4+ 32. Rf2 Bxf2+ 33.
Qxf2 Qb4+ 34. Kf1 Rxd5 35. Qc2 h6 36. Rd1 Rxd1+ 37. Qxd1 Qc4+ 38. Qe2 Qc1+ 39.
Kf2 c4 40. h3 c3 41. bxc3 Qxc3 42. Qa2 Kf7 43. Qd5 Qb2+ 44. Kg1 Qc1+ 45. Kh2
Qe3 46. Nd8+ Ke7 47. Nxb7 Qf4+ 48. g3 Qf2+ 49. Qg2 Qd4 50. Qc2 Kf6 51. Nc5 f4
52. Ne4+ Ke5 53. gxf4+ Kxf4 54. Ng3 Ke5 55. Qc7+ Kd5 56. Qd7+ Ke5 57. Qg7+ Kd5
58. Qxd4+ Kxd4 59. Ne2+ Kc4 60. Nf4 Kb5 61. Nxg6 Kxa5 62. Kg3 Kb4 63. Ne5 Kc5
64. Nd3+ Kc4 65. Ne5+ Kd5 66. Nd7 a5 67. Nb6+ Kc5 68. Na4+ Kb4 69. Nb6 Kc5 70.
Na4+ Kb4 71. Nb6 1/2-1/2

[Event "Ceske sachove Vanoce"]
[Site "?"]
[Date "2015.12.26"]
[Round "1"]
[White "Krupica, Pavel"]
[Black "Druska, Juraj"]
[Result "0-1"]
[WhiteElo "1931"]
[BlackElo "2466"]
[PlyCount "76"]
[EventDate "2015.??.??"]

1. e4 c5 2. c3 d5 3. exd5 Qxd5 4. d4 Nc6 5. Nf3 Bf5 6. Be3 cxd4 7. cxd4 Bxb1 8.
Rxb1 Nf6 9. a3 e6 10. Be2 Be7 11. O-O O-O 12. Qa4 a6 13. b4 Ng4 14. Qb3 Nxe3
15. fxe3 Qh5 16. Rfd1 Rfd8 17. e4 Bd6 18. Qe3 Bc7 19. b5 Ne7 20. Rdc1 Bd6 21.
bxa6 bxa6 22. Ne5 Bxe5 23. Bxh5 Bxd4 24. Qxd4 Rxd4 25. Rb7 Ng6 26. Rcc7 Rf8 27.
Bxg6 hxg6 28. Ra7 Rxe4 29. Rxa6 Rb8 30. Raa7 Rb1+ 31. Kf2 Rf4+ 32. Ke3 g5 33.
a4 Rb3+ 34. Ke2 Rb2+ 35. Ke3 Rxg2 36. a5 Rxh2 37. a6 Rh3+ 38. Ke2 Ra3 0-1

[Event "Ceske sachove Vanoce"]
[Site "?"]
[Date "2015.12.26"]
[Round "1"]
[White "Frolov, Artur"]
[Black "Nosek, Jan"]
[Result "1-0"]
[WhiteElo "2499"]
[BlackElo "1941"]
[PlyCount "103"]

1. e4 c5 2. Nf3 g6 3. d4 cxd4 4. Nxd4 Bg7 5. c4 Nc6 6. Be3 Nf6 7. Nc3 O-O 8.
Be2 d6 9. Rc1 Bd7 10. Qd2 Nxd4 11. Bxd4 Bc6 12. f3 a5 13. b3 Nd7 14. Bxg7 Kxg7
15. Qd4+ f6 16. O-O Nc5 17. Rb1 e5 18. Qe3 Ne6 19. Bd3 Nd4 20. Ne2 Nxe2+ 21.
Bxe2 Qe7 22. Rbd1 Rfd8 23. Rd2 Qe6 24. Rfd1 Qe7 25. Bf1 Qc7 26. Rd3 Rd7 27. a4
Kf7 28. g3 Rdd8 29. h4 Ke7 30. Qh6 Ke8 31. Kh2 Qe7 32. Bh3 b6 33. Qd2 Bd7 34.
Rxd6 Bxh3 35. Kxh3 Rxd6 36. Qxd6 Rd8 37. Qxe7+ Kxe7 38. Rd5 Rc8 39. g4 h6 40.
g5 hxg5 41. hxg5 Rc6 42. Kg4 Ke6 43. Rd8 f5+ 44. exf5+ gxf5+ 45. Kh5 e4 46. g6
Kf6 47. Rf8+ Kg7 48. Rxf5 exf3 49. Rf7+ Kg8 50. Rxf3 Kg7 51. Rf7+ Kg8 52. Rb7
1-0

[Event "Ceske sachove Vanoce"]
[Site "?"]
[Date "2015.12.26"]
[Round "1"]
[White "Neuman, Petr"]
[Black "Pribylova, Sofie"]
[Result "1-0"]
[WhiteElo "2426"]
[BlackElo "1922"]
[PlyCount "111"]

1. d4 Nf6 2. c4 g6 3. Nc3 d5 4. cxd5 Nxd5 5. Bd2 Bg7 6. e4 Nxc3 7. Bxc3 O-O 8.
Nf3 c5 9. d5 e6 10. Bc4 exd5 11. Bxd5 Bxc3+ 12. bxc3 Nd7 13. O-O Rb8 14. Qd2
Nf6 15. c4 Bg4 16. Ne5 Qe7 17. f4 Rbd8 18. Qb2 Bc8 19. Rfe1 Nxd5 20. cxd5 a6
21. a4 Qf6 22. Qf2 b5 23. axb5 axb5 24. Nc6 Rd7 25. e5 Qf5 26. d6 Qe6 27. Qxc5
Bb7 28. Ne7+ Kg7 29. Qf2 Rxe7 30. dxe7 Qxe7 31. Qb6 Bd5 32. Qxb5 Be6 33. Qb6
Kg8 34. Ra7 Qh4 35. Qf2 Qg4 36. h3 Qf5 37. Qf3 h5 38. Ra8 Rxa8 39. Qxa8+ Kg7
40. Qe4 Qxe4 41. Rxe4 Kh6 42. Kf2 g5 43. fxg5+ Kxg5 44. Kg3 Kf5 45. Re2 Kg5 46.
Rf2 h4+ 47. Kh2 Bd5 48. g3 hxg3+ 49. Kxg3 Be6 50. h4+ Kh5 51. Rf4 Kg6 52. Rf6+
Kh5 53. Rxe6 fxe6 54. Kh3 Kg6 55. Kg4 Kh6 56. h5 1-0

[Event "Ceske sachove Vanoce"]
[Site "?"]
[Date "2015.12.26"]
[Round "1"]
[White "Sabuk, Piotr"]
[Black "Kouba, Libor"]
[Result "1-0"]
[WhiteElo "2417"]
[BlackElo "1874"]
[PlyCount "87"]

1. d4 Nf6 2. c4 g6 3. Nc3 Bg7 4. e4 d6 5. Nf3 Nbd7 6. Bd3 O-O 7. h3 e5 8. d5
Nc5 9. Bc2 a5 10. Bg5 h6 11. Be3 Nh5 12. g3 c6 13. dxc6 bxc6 14. Bxc5 dxc5 15.
Qxd8 Rxd8 16. Na4 Rb8 17. Rb1 f6 18. Nxc5 Bf8 19. Na4 Ng7 20. Kf1 Ne6 21. Kg2
Nd4 22. Nxd4 Rxd4 23. Rhd1 Be6 24. Rxd4 exd4 25. b3 Ba3 26. c5 Kf7 27. Rd1 Rd8
28. Bd3 Ke7 29. f4 f5 30. Kf3 h5 31. exf5 Bxf5 32. g4 Bxd3 33. Rxd3 Bc1 34. Nb6
Bb2 35. Nc4 Bc3 36. Ne5 hxg4+ 37. hxg4 Kf6 38. Nxc6 Rc8 39. g5+ Ke6 40. Nxd4+
Bxd4 41. Rxd4 Rxc5 42. Rc4 Rb5 43. Rc6+ Kf5 44. Rf6# 1-0

[Event "Ceske sachove Vanoce"]
[Site "?"]
[Date "2015.12.27"]
[Round "2"]
[White "Lukasiewicz, Anna"]
[Black "Sabuk, Piotr"]
[Result "1/2-1/2"]
[WhiteElo "2082"]
[BlackElo "2417"]
[PlyCount "158"]

1. e4 c5 2. Nf3 Nc6 3. d4 cxd4 4. Nxd4 Nf6 5. Nc3 d6 6. Be2 e6 7. Be3 Be7 8.
O-O O-O 9. Kh1 e5 10. Nb3 Be6 11. f4 exf4 12. Bxf4 Rc8 13. Qe1 Nd7 14. Qg3 Nde5
15. Rad1 Re8 16. Nb5 a6 17. N5d4 Bh4 18. Nxe6 fxe6 19. Qh3 Qe7 20. c3 Bf6 21.
Rd2 Nf7 22. Qg3 Be5 23. Rfd1 g6 24. Bg4 Bxf4 25. Qxf4 h5 26. Bf3 Nce5 27. h4
Rf8 28. Qg3 Kh7 29. Be2 Rcd8 30. Nd4 Nh6 31. Nf3 Nxf3 32. Bxf3 Nf7 33. Kg1 Ne5
34. Be2 Rf7 35. a4 Qf8 36. Qg5 Rfd7 37. Rf1 Qh6 38. Rf6 Qxg5 39. hxg5 Re8 40.
Bd1 Nf7 41. Bxh5 Rg8 42. Bg4 Nxg5 43. Bxe6 Kg7 44. Rxg6+ Kxg6 45. Bxd7 Nxe4 46.
Rd4 Rd8 47. Rxe4 Rxd7 48. Kf2 Kf5 49. Rd4 Ke5 50. g4 Rh7 51. Kg3 Rh1 52. Rb4
Rh7 53. a5 d5 54. Rb6 Rd7 55. Rh6 d4 56. cxd4+ Kxd4 57. Rb6 Ke5 58. Kh4 Kf4 59.
Rb4+ Ke5 60. Kh5 b5 61. axb6 Rb7 62. Kg6 Ke6 63. g5 Kd6 64. Rb3 Kc6 65. Rc3+
Kd5 66. Rc7 Rxb6+ 67. Kf7 Rxb2 68. g6 Rf2+ 69. Kg8 Kd6 70. Rc3 a5 71. g7 a4 72.
Rc4 a3 73. Ra4 a2 74. Kh7 Rh2+ 75. Kg6 Rg2+ 76. Kf7 Rf2+ 77. Ke8 Re2+ 78. Kf8
Rf2+ 79. Kg8 Rh2 1/2-1/2

[Event "Ceske sachove Vanoce"]
[Site "?"]
[Date "2015.12.27"]
[Round "2"]
[White "Chojnacki, Krzystof"]
[Black "Hanl, Frantisek"]
[Result "1-0"]
[WhiteElo "2375"]
[BlackElo "2052"]
[PlyCount "61"]

1. d4 c5 2. d5 Nf6 3. c4 b5 4. cxb5 a6 5. bxa6 Bxa6 6. Nc3 g6 7. e4 Bxf1 8.
Kxf1 d6 9. g3 Bg7 10. Kg2 O-O 11. Nf3 Nbd7 12. a4 Qb6 13. Qe2 Qb4 14. Bd2 Rfb8
15. b3 Qb7 16. Nb5 Ne8 17. Rab1 Nc7 18. Nxc7 Qxc7 19. Rhc1 Qd8 20. a5 Rb7 21.
b4 cxb4 22. Rxb4 Nc5 23. Rcb1 Rxb4 24. Bxb4 Na6 25. Bd2 Nc5 26. Qc4 Qd7 27. Be3
Qc7 28. Bxc5 Rxa5 29. Be3 Qxc4 30. Rb8+ Bf8 31. Bh6 1-0

[Event "Ceske sachove Vanoce"]
[Site "?"]
[Date "2015.12.27"]
[Round "2"]
[White "Batyte, Daina"]
[Black "Frolov, Artur"]
[Result "0-1"]
[WhiteElo "2130"]
[BlackElo "2499"]
[PlyCount "102"]

1. c4 Nf6 2. Nc3 g6 3. g3 Bg7 4. Bg2 O-O 5. Nf3 d6 6. d4 Nbd7 7. O-O e5 8. dxe5
dxe5 9. Bg5 h6 10. Bxf6 Bxf6 11. Qd2 Kg7 12. Rad1 Re8 13. Qc2 c6 14. Ne4 Qa5
15. Nd6 Re7 16. Nd2 Nc5 17. a3 Qc7 18. N2e4 Nxe4 19. Bxe4 Bh3 20. Bg2 Bxg2 21.
Kxg2 Re6 22. c5 Be7 23. Qc3 Rd8 24. f4 Bxd6 25. cxd6 Rdxd6 26. e4 f6 27. fxe5
Rxe5 28. Qf3 Rde6 29. Rd4 c5 30. Rc1 Qe7 31. Rd5 b6 32. Rcd1 Rxd5 33. exd5 Rd6
34. h4 Qe5 35. Rd2 h5 36. a4 f5 37. Kf2 Kf6 38. Qb3 f4 39. Qf3 Qe3+ 40. Qxe3
fxe3+ 41. Kxe3 Ke5 42. Rg2 Kxd5 43. g4 Kc4 44. gxh5 gxh5 45. Rg5 Kb3 46. a5
Kxb2 47. Rxh5 c4 48. Rb5+ Ka3 49. axb6 axb6 50. Kf4 c3 51. Ke5 Rc6 0-1

[Event "Ceske sachove Vanoce"]
[Site "?"]
[Date "2015.12.27"]
[Round "2"]
[White "Schmalz, Michal"]
[Black "Neuman, Petr"]
[Result "0-1"]
[WhiteElo "2086"]
[BlackElo "2426"]
[PlyCount "80"]

1. e4 d6 2. d4 Nf6 3. Nc3 e5 4. dxe5 dxe5 5. Qxd8+ Kxd8 6. Bc4 Be6 7. Bxe6 fxe6
8. Be3 Bd6 9. f3 a6 10. O-O-O Ke7 11. Nh3 Nc6 12. Nf2 h6 13. Ne2 b5 14. Nd3 Nd7
15. f4 Rhb8 16. Rhf1 exf4 17. Bxf4 g5 18. Be3 Nce5 19. Nd4 Rf8 20. h3 Rxf1 21.
Rxf1 c5 22. Nf3 Nxf3 23. gxf3 c4 24. Nf2 Rf8 25. Ng4 Bf4 26. Bxf4 gxf4 27. Nxh6
Rh8 28. Ng4 Rxh3 29. Rf2 Nf6 30. Ne5 Kd6 31. Nf7+ Kc5 32. Kd2 Rg3 33. Ke2 Rg7
34. Nd8 Re7 35. Rh2 Nd7 36. Rh6 Kd6 37. a4 bxa4 38. Kd2 Ne5 39. Ke2 c3 40. bxc3
a3 0-1

[Event "Ceske sachove Vanoce"]
[Site "?"]
[Date "2015.12.27"]
[Round "2"]
[White "Druska, Juraj"]
[Black "Lukasiewicz, Krzysztof"]
[Result "1/2-1/2"]
[WhiteElo "2466"]
[BlackElo "2103"]
[PlyCount "49"]

1. e4 c6 2. c4 d5 3. cxd5 cxd5 4. exd5 Nf6 5. Nc3 Nxd5 6. Nf3 Nc6 7. Bb5 e6 8.
O-O Be7 9. d4 O-O 10. Re1 Bd7 11. Bd3 Ncb4 12. Bb1 Nf6 13. Ne5 Rc8 14. a3 Nbd5
15. Qd3 Bc6 16. Qh3 Re8 17. Bg5 g6 18. Ba2 Nh5 19. Bxe7 Nxe7 20. Bxe6 fxe6 21.
Qxe6+ Kg7 22. g4 Qxd4 23. gxh5 Nf5 24. Qf7+ Kh6 25. Nxc6 1/2-1/2

[Event "Ceske sachove Vanoce"]
[Site "?"]
[Date "2015.12.27"]
[Round "3"]
[White "Frolov, Artur"]
[Black "Pùlpán, Jakub"]
[Result "1-0"]
[WhiteElo "2499"]
[BlackElo "2331"]
[PlyCount "80"]

1. e4 e6 2. d4 d5 3. Nd2 c5 4. exd5 exd5 5. Ngf3 Nc6 6. Bb5 Qe7+ 7. Qe2 Qxe2+
8. Kxe2 cxd4 9. Nxd4 Bd7 10. N2b3 Bd6 11. Be3 Nge7 12. Rad1 O-O 13. c3 Rfe8 14.
Kd2 a6 15. Nxc6 bxc6 16. Bd3 Ng6 17. Bc5 Bf4+ 18. Kc2 Ne5 19. Nd4 Nxd3 20. Kxd3
f6 21. g3 Be5 22. Rde1 Kf7 23. f3 Rab8 24. b3 Bxd4 25. Kxd4 Rxe1 26. Rxe1 Re8
27. Rxe8 Kxe8 28. g4 h5 29. gxh5 Bf5 30. b4 Bc2 31. Bd6 Bd1 32. Ke3 Kf7 33. Bf4
Kg8 34. h6 g5 35. Bd6 Kh7 36. Be7 Kxh6 37. Bxf6 Kg6 38. Bd8 Kf5 39. h3 d4+ 40.
cxd4 Bc2 1-0

[Event "Ceske sachove Vanoce"]
[Site "?"]
[Date "2015.12.27"]
[Round "3"]
[White "Kubik, Michael"]
[Black "Chojnacki, Krzysztof"]
[Result "1/2-1/2"]
[WhiteElo "2201"]
[BlackElo "2375"]
[PlyCount "63"]

1. e4 e5 2. Nf3 Nc6 3. Bb5 a6 4. Ba4 Nf6 5. d3 b5 6. Bb3 Be7 7. Nbd2 d6 8. c3
O-O 9. Nf1 Na5 10. Bc2 c5 11. Ng3 b4 12. cxb4 cxb4 13. O-O Qc7 14. Bd2 Qb6 15.
Be3 Qb7 16. h3 Bd7 17. Ba4 Nc6 18. Rc1 Rac8 19. Nh4 g6 20. Nf3 Rfe8 21. d4 Nxd4
22. Nxd4 Bxa4 23. Qxa4 exd4 24. Bxd4 Nxe4 25. Nxe4 Qxe4 26. Rxc8 Rxc8 27. Qxb4
Bf6 28. Rd1 Bxd4 29. Qxd4 Qxd4 30. Rxd4 Rc1+ 31. Kh2 Rc2 32. Rxd6 1/2-1/2

[Event "Ceske sachove Vanoce"]
[Site "?"]
[Date "2015.12.27"]
[Round "3"]
[White "Neuman, Petr"]
[Black "Jedlicka, Ales"]
[Result "1-0"]
[WhiteElo "2426"]
[BlackElo "2275"]
[PlyCount "135"]

1. e4 c5 2. Nc3 e6 3. Nf3 Nc6 4. d4 cxd4 5. Nxd4 Nf6 6. Ndb5 Bb4 7. a3 Bxc3+ 8.
Nxc3 d5 9. exd5 exd5 10. Bd3 d4 11. Ne2 O-O 12. O-O Bg4 13. Bg5 Re8 14. Re1 Qd6
15. Qd2 Bxe2 16. Rxe2 h6 17. Qf4 Qxf4 18. Bxf4 Rxe2 19. Bxe2 g5 20. Bd2 Ne4 21.
Be1 Re8 22. Kf1 Kg7 23. Rd1 a6 24. f3 Nc5 25. Bf2 Ne6 26. Bd3 Rc8 27. Be4 Kf6
28. g3 Ke5 29. Re1 Kf6 30. Re2 b5 31. Bd5 Ncd8 32. Ke1 Rc5 33. Be4 Rc7 34. f4
Rd7 35. Rd2 gxf4 36. gxf4 Nxf4 37. Bxd4+ Ke6 38. c3 f5 39. Bb1 Nc6 40. Rf2 Nxd4
41. Rxf4 Nb3 42. Bxf5+ Ke5 43. Bxd7 Kxf4 44. Ke2 Nc5 45. Bc8 a5 46. b4 axb4 47.
axb4 Ne4 48. Kd3 Nd6 49. Bd7 Ke5 50. Bc6 h5 51. h3 h4 52. Ke3 Nc4+ 53. Kf3 Nd2+
54. Kg4 Nb1 55. Bxb5 Nxc3 56. Bc6 Kd6 57. Bg2 Ke5 58. Kxh4 Kf6 59. Bc6 Na2 60.
b5 Nb4 61. Kg4 Nd3 62. Kf3 Ne5+ 63. Ke4 Nc4 64. Kd4 Nb6 65. Bf3 Nd7 66. Bg4 Nb6
67. Kc5 Na4+ 68. Kc6 1-0

[Event "Ceske sachove Vanoce"]
[Site "?"]
[Date "2015.12.27"]
[Round "3"]
[White "Szumilas, Piotr"]
[Black "Sabol, Marian"]
[Result "1-0"]
[WhiteElo "2156"]
[BlackElo "2369"]
[PlyCount "125"]

1. e4 c5 2. Nf3 d6 3. d3 Nf6 4. g3 g6 5. Bg2 Bg7 6. O-O O-O 7. Re1 Nc6 8. c3 e5
9. a3 d5 10. Nbd2 d4 11. cxd4 cxd4 12. Nc4 Ne8 13. a4 Nd6 14. b3 Re8 15. Nxd6
Qxd6 16. Nd2 Be6 17. Nc4 Qd7 18. Qd2 Bf8 19. Ba3 Bxa3 20. Rxa3 Qe7 21. Raa1 Qb4
22. Qxb4 Nxb4 23. Red1 Bxc4 24. bxc4 a5 25. Rab1 Kf8 26. f4 f6 27. f5 g5 28.
Bf3 Ke7 29. h3 Rec8 30. Kf2 Ra6 31. Ke2 Rb6 32. Kd2 Rcc6 33. Rb2 Na6 34. Rb5
Nc7 35. Rxa5 Rb2+ 36. Ke1 Rcb6 37. Be2 Ra2 38. Rd2 Rb1+ 39. Bd1 Rbb2 40. Rxb2
Rxb2 41. Be2 Kd7 42. h4 gxh4 43. gxh4 Kc6 44. c5 Na6 45. h5 h6 46. Kd1 Ra2 47.
Bf3 Nxc5 48. Ra8 Nxd3 49. Rh8 Nf2+ 50. Ke1 d3 51. Rxh6 d2+ 52. Kf1 Kc5 53. Rxf6
Kd4 54. h6 Ke3 55. Bh5 Ra1+ 56. Kg2 Rh1 57. Bf3 Rh4 58. Rd6 Nd3 59. Kg3 Rf4 60.
Bh5 Nf2 61. h7 Nxe4+ 62. Kg2 Nxd6 63. h8=Q 1-0

[Event "Ceske sachove Vanoce"]
[Site "?"]
[Date "2015.12.27"]
[Round "3"]
[White "Kulhanek, Tomas"]
[Black "Lukasiewicz, Grzegorz"]
[Result "1-0"]
[WhiteElo "2346"]
[BlackElo "2189"]
[PlyCount "70"]

1. e4 c6 2. d4 d5 3. Nc3 dxe4 4. Nxe4 Nd7 5. Nf3 Ngf6 6. Ng3 g6 7. Bc4 Nb6 8.
Bb3 Bg7 9. O-O O-O 10. Re1 Bg4 11. c3 Nbd5 12. h3 Bxf3 13. Qxf3 a5 14. a4 Re8
15. Bd2 Qc7 16. Re5 e6 17. Rae1 b5 18. R5e2 Qb6 19. axb5 Reb8 20. c4 Nc7 21.
Bg5 Nfe8 22. Bc2 cxb5 23. c5 Qa6 24. Be4 Ra7 25. d5 e5 26. d6 Ne6 27. Be3 Rc8
28. Rc2 Rd7 29. Rec1 Nd8 30. Bg5 Nc6 31. Nf5 gxf5 32. Qxf5 Rcd8 33. Qxh7+ Kf8
34. Bh6 f6 35. Bd5 Ne7 1-0

[Event "Ceske sachove Vanoce"]
[Site "?"]
[Date "2015.12.29"]
[Round "5"]
[White "Jedlicka, Ales"]
[Black "Chojnacki, Krzysztof"]
[Result "0-1"]
[WhiteElo "2275"]
[BlackElo "2375"]
[PlyCount "100"]

1. d4 d6 2. Nf3 f5 3. g3 Nf6 4. Bg2 g6 5. O-O Bg7 6. c4 O-O 7. b3 e5 8. dxe5
dxe5 9. Ba3 Re8 10. Nc3 e4 11. Qxd8 Rxd8 12. Ng5 h6 13. Rad1 Nc6 14. Rxd8+ Nxd8
15. Rd1 Nd7 16. Nd5 hxg5 17. Ne7+ Kf7 18. Nxc8 Ke8 19. Ne7 Bf8 20. Nd5 Ne6 21.
Bxf8 Ndxf8 22. f3 c6 23. Nc3 exf3 24. exf3 Ke7 25. Kf2 Nd7 26. Bf1 Ne5 27. Be2
a6 28. Na4 b5 29. Nb2 Rh8 30. Kg2 Rb8 31. cxb5 axb5 32. Nd3 Nxd3 33. Rxd3 Ra8
34. Rd2 Kf6 35. Bd1 c5 36. Kf2 Ke5 37. Re2+ Kd5 38. a4 bxa4 39. bxa4 c4 40. f4
gxf4 41. Rb2 fxg3+ 42. hxg3 Nd4 43. Rb7 Ke4 44. Rg7 Ra6 45. g4 c3 46. gxf5 gxf5
47. Rc7 Kd3 48. Rd7 Rc6 49. Rh7 c2 50. Rh3+ Ke4 0-1

[Event "Ceske sachove Vanoce"]
[Site "?"]
[Date "2015.12.29"]
[Round "5"]
[White "Sabuk, Piotr"]
[Black "Szumilas, Piotr"]
[Result "0-1"]
[WhiteElo "2417"]
[BlackElo "2156"]
[PlyCount "54"]
[EventDate "2015.??.??"]

1. d4 d5 2. c4 dxc4 3. e3 Nf6 4. Bxc4 e6 5. Nf3 Be7 6. O-O O-O 7. Nc3 b6 8. e4
Bb7 9. Qe2 Nbd7 10. Rd1 Re8 11. Bf4 a6 12. a4 Bb4 13. Bd3 Nf8 14. e5 Nd5 15.
Bd2 Be7 16. Ne4 Ng6 17. Neg5 Ndf4 18. Bxf4 Nxf4 19. Bxh7+ Kf8 20. Nxe6+ Nxe6
21. d5 Bxd5 22. Bf5 Bc5 23. Bxe6 Rxe6 24. Qd3 c6 25. Qf5 Qe7 26. Rxd5 cxd5 27.
Re1 Rg6 0-1

[Event "Ceske sachove Vanoce"]
[Site "?"]
[Date "2015.12.29"]
[Round "5"]
[White "Neuman, Petr"]
[Black "Kulhanek, Tomas"]
[Result "1/2-1/2"]
[WhiteElo "2426"]
[BlackElo "2368"]
[PlyCount "119"]

1. Nf3 Nf6 2. g3 d6 3. d4 Nbd7 4. Bg2 e5 5. c4 Be7 6. O-O O-O 7. Nc3 c6 8. Qc2
Re8 9. Rb1 a6 10. b4 exd4 11. Nxd4 Ne5 12. Nd1 Bf8 13. Ne3 Neg4 14. Rd1 Nxe3
15. Bxe3 Ng4 16. Bf4 Qf6 17. e4 Ne5 18. h3 Bd7 19. c5 dxc5 20. bxc5 Bc8 21. Be3
Qg6 22. Nf5 Qe6 23. Rb4 b5 24. Nd6 Bxd6 25. Rxd6 Qe7 26. Bf4 Ng6 27. e5 Nxe5
28. Bxe5 Qxe5 29. Re4 Bf5 30. Rxe5 Bxc2 31. Rxe8+ Rxe8 32. Bxc6 Re1+ 33. Kh2 g6
34. g4 Kg7 35. Bd5 Be4 36. Bxe4 Rxe4 37. Rxa6 Rc4 38. c6 h5 39. gxh5 gxh5 40.
Kg2 Rc3 41. Rb6 b4 42. Rxb4 Rxc6 43. Ra4 Rc3 44. Ra8 Kf6 45. a4 Ra3 46. a5 h4
47. a6 Kf5 48. Rf8 f6 49. Ra8 Kf4 50. a7 f5 51. Rh8 Rxa7 52. Rxh4+ Kg5 53. Rh8
Ra3 54. Rg8+ Kh4 55. Rh8+ Kg5 56. h4+ Kg4 57. h5 Kg5 58. h6 Kg6 59. f3 f4 60.
Rf8 1/2-1/2

[Event "Ceske sachove Vanoce"]
[Site "?"]
[Date "2015.12.29"]
[Round "5"]
[White "Druska, Juraj"]
[Black "Pulpan, Jakub"]
[Result "1/2-1/2"]
[WhiteElo "2466"]
[BlackElo "2331"]
[PlyCount "128"]

1. c4 Nf6 2. Nc3 c5 3. g3 Nc6 4. Bg2 g6 5. e4 Bg7 6. Nge2 O-O 7. d3 d6 8. O-O
a6 9. h3 Ne8 10. Be3 Nc7 11. d4 cxd4 12. Nxd4 Nxd4 13. Bxd4 Bxd4 14. Qxd4 e5
15. Qd3 Ne6 16. Rfd1 Nd4 17. Ne2 Nxe2+ 18. Qxe2 Qc7 19. b3 Be6 20. Rd2 Rfd8 21.
Rad1 a5 22. a4 b5 23. cxb5 Bxb3 24. Rb1 Be6 25. Rc2 Qb6 26. Qe3 Qxe3 27. fxe3
Rdc8 28. Rxc8+ Rxc8 29. Bf1 Rb8 30. b6 Bd7 31. Bc4 Kf8 32. Bd5 Ke7 33. h4 Bxa4
34. b7 Bd7 35. Rb6 Be6 36. Bc6 Kd8 37. Ra6 Kc7 38. Kf2 Bc4 39. Ra8 a4 40. Kf3
a3 41. Bd5 Bxd5 42. exd5 Rxb7 43. Rxa3 h5 44. g4 hxg4+ 45. Kxg4 Kd7 46. Kg5 Ke7
47. e4 Rb1 48. Ra7+ Kf8 49. Kh6 Rh1 50. Ra8+ Ke7 51. Kg7 Rxh4 52. Ra7+ Ke8 53.
Ra8+ Ke7 54. Ra7+ Kd8 55. Ra8+ Kd7 56. Ra7+ Kd8 57. Ra8+ Kd7 58. Kxf7 Rf4+ 59.
Kxg6 Kc7 60. Ra6 Rxe4 61. Kf6 Rh4 62. Ke7 Rh7+ 63. Ke6 Rh6+ 64. Ke7 e4 1/2-1/2

[Event "Ceske sachove Vanoce"]
[Site "?"]
[Date "2015.12.29"]
[Round "5"]
[White "Frolov, Artur"]
[Black "Cerveny, Martin"]
[Result "1-0"]
[WhiteElo "2499"]
[BlackElo "2417"]
[PlyCount "125"]

1. e4 c5 2. Nf3 d6 3. d4 cxd4 4. Nxd4 Nf6 5. Nc3 a6 6. Be3 e5 7. Nb3 Be6 8. Qd2
Nbd7 9. O-O-O Rc8 10. f3 b5 11. g4 Nb6 12. Qf2 Rxc3 13. Bxb6 Rxf3 14. Qxf3 Qxb6
15. h3 h6 16. Kb1 Be7 17. Nc1 Qc6 18. Bg2 O-O 19. Ne2 Rc8 20. Rc1 Nd7 21. c3 a5
22. Rc2 a4 23. Nc1 Bg5 24. Nd3 Nc5 25. Nb4 Qb7 26. h4 Bf4 27. Rd1 Na6 28. Nd5
b4 29. Nxf4 Bxa2+ 30. Kc1 exf4 31. Rxd6 Bb3 32. Rcd2 bxc3 33. bxc3 a3 34. Rd8+
Kh7 35. Rxc8 Qxc8 36. e5 a2 37. Kb2 Be6 38. Qd3+ g6 39. Bd5 Nc5 40. Qc4 Na4+
41. Qxa4 a1=Q+ 42. Qxa1 Bxd5 43. Qa4 Qxg4 44. Qd4 Be6 45. Rf2 g5 46. hxg5 hxg5
47. c4 Kg6 48. c5 Qh3 49. c6 Qb3+ 50. Kc1 Qa3+ 51. Qb2 Qe3+ 52. Rd2 f3 53. Qd4
Qxd4 54. Rxd4 Kf5 55. Kd2 Kxe5 56. Ke3 f5 57. Rd8 g4 58. c7 f4+ 59. Kf2 Ke4 60.
Re8 g3+ 61. Kf1 f2 62. Rxe6+ Kf3 63. Rg6 1-0

[Event "Ceske sachove Vanoce"]
[Site "?"]
[Date "2015.12.28"]
[Round "4"]
[White "Chojnacki, Krzysztof"]
[Black "Druska, Juraj"]
[Result "1/2-1/2"]
[WhiteElo "2375"]
[BlackElo "2466"]
[PlyCount "56"]

1. d4 Nf6 2. c4 e6 3. Nc3 Bb4 4. e3 O-O 5. Nge2 Re8 6. a3 Bf8 7. Ng3 d5 8. Be2
b6 9. cxd5 exd5 10. O-O Bb7 11. b4 g6 12. Bb2 h5 13. Bf3 c6 14. Re1 h4 15. Nf1
a5 16. Qb3 axb4 17. axb4 Rxa1 18. Rxa1 b5 19. Nd2 Na6 20. Na2 Bd6 21. Qc3 Qc7
22. h3 Qe7 23. Ba3 Bb8 24. Nc1 Qd6 25. Nf1 Nc7 26. Nd3 Ne6 27. Nc5 Nxc5 28.
dxc5 Qe5 1/2-1/2

[Event "Ceske sachove Vanoce"]
[Site "?"]
[Date "2015.12.28"]
[Round "4"]
[White "Szumilos, Piotr"]
[Black "Neuman, Petr"]
[Result "1/2-1/2"]
[WhiteElo "2156"]
[BlackElo "2426"]
[PlyCount "32"]

1. e4 c5 2. Nf3 d6 3. d3 Nc6 4. g3 g6 5. Bg2 Bg7 6. O-O e5 7. c3 Nge7 8. a3 O-O
9. b4 b6 10. Nbd2 h6 11. Bb2 Be6 12. Re1 Qd7 13. b5 Na5 14. c4 Nb7 15. a4 a5
16. Nf1 Rae8 1/2-1/2

[Event "Ceske sachove Vanoce"]
[Site "?"]
[Date "2015.12.28"]
[Round "4"]
[White "Kulhanek, Tomas"]
[Black "Frolov, Artur"]
[Result "1/2-1/2"]
[WhiteElo "2368"]
[BlackElo "2499"]
[PlyCount "96"]

1. e4 c5 2. Nc3 Nc6 3. f4 g6 4. Nf3 Bg7 5. Bc4 a6 6. d3 e6 7. f5 gxf5 8. O-O
Nge7 9. Bg5 f6 10. Bf4 O-O 11. a3 Kh8 12. Ba2 b6 13. Kh1 Bb7 14. Bg3 Ne5 15.
Nh4 fxe4 16. dxe4 N7g6 17. Nxg6+ hxg6 18. Bxe5 fxe5 19. Qd6 Bc6 20. Rad1 Rc8
21. Qd3 Qh4 22. Qxa6 b5 23. Qb6 Rxf1+ 24. Rxf1 Rf8 25. Rxf8+ Bxf8 26. g3 Qf6
27. Kg1 Bh6 28. Kg2 Be3 29. Qb8+ Kh7 30. Qd6 c4 31. a4 bxa4 32. Bxc4 Bd4 33.
Bd3 g5 34. Nd5 Qf2+ 35. Kh3 Kg6 36. Ne7+ Kh5 37. g4+ Kh6 38. Nf5+ Kg6 39. Qe7
Qf3+ 40. Ng3 Qf7 41. Nf5 Bxb2 42. Qd8 a3 43. Kg3 a2 44. Qb8 Qh7 45. Qe8+ Kf6
46. Qf8+ Kg6 47. Qe8+ Kf6 48. Qf8+ Kg6 1/2-1/2

[Event "Ceske sachove Vanoce"]
[Site "?"]
[Date "2015.12.28"]
[Round "4"]
[White "Sabol, Marian"]
[Black "Kubik, Michael"]
[Result "1-0"]
[WhiteElo "2369"]
[BlackElo "2201"]
[PlyCount "127"]

1. d4 f5 2. h3 Nf6 3. Bf4 g6 4. e3 Bg7 5. Nc3 d5 6. Nf3 c6 7. Bd3 O-O 8. O-O
Nbd7 9. Ne2 Ne4 10. c4 e6 11. Bh2 Ndf6 12. Ne5 Nd6 13. Qb3 Nfe4 14. Rad1 Nf7
15. Nxf7 Rxf7 16. f3 Nf6 17. Be5 Bh6 18. f4 Nd7 19. Kh2 Nxe5 20. dxe5 b6 21.
cxd5 exd5 22. Nd4 Qe8 23. Qa4 Bb7 24. Ba6 Bxa6 25. Qxa6 Bf8 26. Qe2 Rd8 27. Rg1
c5 28. Nf3 Bh6 29. g3 Qe6 30. h4 Rfd7 31. h5 Rg7 32. hxg6 hxg6 33. Kg2 g5 34.
Kf2 Rgd7 35. Rh1 d4 36. exd4 cxd4 37. fxg5 d3 38. Qe3 Bf8 39. Kg2 Qxa2 40. e6
Re7 41. Rxd3 Rxe6 42. Qd2 Rxd3 43. Qxd3 Qxb2+ 44. Kh3 Qh8+ 45. Nh4 Qe5 46. Rf1
Qe4 47. Qb3 Qg4+ 48. Kg2 Qe4+ 49. Rf3 a5 50. Nxf5 a4 51. Qc3 Rc6 52. Qd3 Rc2+
53. Kh3 Qxd3 54. Rxd3 a3 55. Rd8 a2 56. Ra8 Kf7 57. Kg4 b5 58. Ra7+ Kg8 59. Kh5
Rf2 60. Kg6 b4 61. Nh6+ Bxh6 62. gxh6 Kf8 63. h7 Rh2 64. Rxa2 1-0